000 00385nam a2200157Ia 4500
008 230711s9999||||xx |||||||||||||| ||und||
041 _aENG
082 _a720
_bTA-A
100 _aTadgell,Christopher
245 4 _aThe history of Architecture in India
250 _a1st Ed.
260 _c1990
_aNew Delhi
_bReston Publication
300 _a336
650 _aArchitecture
942 _cBK
999 _c1964
_d1964